|
|
|
|
| LEADER |
00000nam0a2200000 4500 |
| 001 |
96364 |
| 005 |
20231031110510.0 |
| 035 |
|
|
|a (RuTPU)RU\TPU\book\103163
|
| 035 |
|
|
|a RU\TPU\book\40199
|
| 090 |
|
|
|a 96364
|
| 100 |
|
|
|a 20060512d1958 k y0rusy50 ca
|
| 101 |
0 |
|
|a rus
|
| 102 |
|
|
|a RU
|
| 105 |
|
|
|a y z 001zy
|
| 200 |
1 |
|
|a Обобщенные функции и действия над ними
|f И. М. Гельфанд, Г. Е. Шилов
|
| 210 |
|
|
|a Москва
|d 1958
|c Физматгиз
|
| 215 |
|
|
|a 439 с.
|
| 225 |
1 |
|
|a Обобщенные функции
|v Вып.1
|
| 320 |
|
|
|a Алф. указ.: с. 433-439
|
| 610 |
1 |
|
|a математика
|
| 610 |
1 |
|
|a обобщенные функции
|
| 610 |
1 |
|
|a свойства
|
| 610 |
1 |
|
|a преобразование Фурье
|
| 610 |
1 |
|
|a однородные функции
|
| 610 |
1 |
|
|a произвольные функции
|
| 675 |
|
|
|a 517.982.4
|v 3
|
| 700 |
|
1 |
|a Гельфанд
|b И. М.
|g Израиль Моисеевич
|
| 701 |
|
1 |
|a Шилов
|b Г. Е.
|g Георгий Евгеньевич
|
| 801 |
|
1 |
|a RU
|b 63413507
|c 20020327
|g PSBO
|
| 801 |
|
2 |
|a RU
|b 63413507
|c 20191119
|g PSBO
|
| 942 |
|
|
|c BK
|